000 00997cam a2200337 a 4500
001 13349967
003 OSt
005 20140310182648.0
008 030923s1998 xxua b 000 0 eng
010 _a 2003616291
020 _a084231816X
040 _aDLC
_cDLC
050 0 0 _aBV 4501
_b.B923 1998
082 _aM 248
_bB85 1998
100 1 _aBuckingham, Jamie.
245 1 0 _aPower for living /
_cBuckingham, Jamie
250 _aRev. ed.
260 _a[United States :
_bs.n.
_c1998.
300 _aix, 134 p. :
_bill. ;
_c21 cm.
500 _a"November 1998".
504 _aIncludes bibliographical references (p. 130-131).
521 _acollege students
526 _c1210L to 17000L
541 _j1
562 _efor circulation : 1 copy in the collection
650 0 _aChristian life.
710 2 _aArthur S. DeMoss Foundation.
906 _a7
_bcbc
_corignew
_d2
_encip
_f20
_gy-gencatlg
942 _2lcc
_cBK
_kM
999 _c15073
_d15073